Podniková kultúra ako zdroj konkurenčnej výhody bakalárska práca

Saved in:
Bibliographic Details
Main Author: Ježková, Šárka
Corporate Author: Fakulta podnikového manažmentu EU. Katedra manažmentu
Other Authors: Jurových, Matúš
Format: Book
Language:Slovak
Published: Bratislava 2013
Tags: Add Tag
No Tags, Be the first to tag this record!

MARC

LEADER 00000nbm a2200000 4500
001 0177014
005 20170314102904.2
041 0 |a slo 
044 |a SK 
245 1 0 |a Podniková kultúra ako zdroj konkurenčnej výhody  |b bakalárska práca  |c Šárka Ježková ; školiteľ: Matúš Jurových 
264 1 |a Bratislava  |c 2013 
300 |a 57 s. 
100 1 |a Ježková, Šárka 
700 1 |a Jurových, Matúš 
710 2 |a Fakulta podnikového manažmentu EU. Katedra manažmentu